Engagement subjectif et reconnaissance au travail dans les systèmes techniques (notice n° 1590117)
[ vue normale ]
| 000 -LEADER | |
|---|---|
| fixed length control field | 02126cam a2200169 4500500 |
| 005 - DATE AND TIME OF LATEST TRANSACTION | |
| control field | 20251228064807.0 |
| 041 ## - LANGUAGE CODE | |
| Language code of text/sound track or separate title | fre |
| 042 ## - AUTHENTICATION CODE | |
| Authentication code | dc |
| 100 10 - MAIN ENTRY--PERSONAL NAME | |
| Personal name | Jobert, Guy |
| Relator term | author |
| 245 00 - TITLE STATEMENT | |
| Title | Engagement subjectif et reconnaissance au travail dans les systèmes techniques |
| 260 ## - PUBLICATION, DISTRIBUTION, ETC. | |
| Date of publication, distribution, etc. | 2005.<br/> |
| 500 ## - GENERAL NOTE | |
| General note | 17 |
| 520 ## - SUMMARY, ETC. | |
| Summary, etc. | RésuméL’article présente une séquence d’une recherche plus large portant sur le rapport au travail des agents de conduite des centrales nucléaires. Partant de la plainte endémique exprimée par ces agents, le chercheur met en évidence les fondements du manque de reconnaissance de leur contribution propre à une production qui présente des traits bien particuliers. Le chercheur explore alors ce qui peut justifier le maintien de l’investissement subjectif de ces agents. En s’appuyant, pour la contester, sur la définition du travail chez Hannah Arendt, l’auteur cherche, dans le rapport direct des opérateurs aux objets techniques dans lesquels ils sont immergés, des sources possibles d’un accès à « l’action » susceptible de donner sens à l’activité requise. |
| 520 ## - SUMMARY, ETC. | |
| Summary, etc. | This article presents a sequence taken from some wider research on the relationship of workers in a nuclear power station with their work. Starting with the endemic complaint expressed by these workers, the researcher exposes the bases of the lack of recognition of their contribution peculiar to a type of production that has very particular features. The researcher then explores what might justify maintaining the subjective investment of these workers. By taking as his base, in order to question it, Hannah Arendt’s definition of work, the author, in the direct relationship of the operators with the technical objects in which they are immersed, searches for possible sources of access to “action” likely to give meaning to the required activity. |
| 786 0# - DATA SOURCE ENTRY | |
| Note | Revue internationale de psychosociologie | XI | 24 | 2005-03-01 | p. 67-95 | 1260-1705 |
| 856 41 - ELECTRONIC LOCATION AND ACCESS | |
| Uniform Resource Identifier | <a href="https://shs.cairn.info/revue-internationale-de-psychosociologie-2005-24-page-67?lang=fr&redirect-ssocas=7080">https://shs.cairn.info/revue-internationale-de-psychosociologie-2005-24-page-67?lang=fr&redirect-ssocas=7080</a> |
Pas d'exemplaire disponible.




Réseaux sociaux